Reinforced concrete designer's handbook (Record no. 4887)

MARC details
000 -LEADER
fixed length control field 00616nam a2200205Ia 4500
003 - CONTROL NUMBER IDENTIFIER
control field IN-BaIIA
008 - FIXED-LENGTH DATA ELEMENTS--GENERAL INFORMATION
fixed length control field 211028s9999 xx 000 0 eng d
020 ## - INTERNATIONAL STANDARD BOOK NUMBER
International Standard Book Number 0-7210-0923-9
040 ## - CATALOGING SOURCE
Transcribing agency IIA Library
080 ## - UNIVERSAL DECIMAL CLASSIFICATION NUMBER
Universal Decimal Classification number (035)624.012.45
Item number REY
100 ## - MAIN ENTRY--PERSONAL NAME
Personal name Reynolds,Charles E
9 (RLIN) 8746
245 #0 - TITLE STATEMENT
Title Reinforced concrete designer's handbook
Statement of responsibility, etc. C. E. Reynolds and J. C. Steedman
250 ## - EDITION STATEMENT
Edition statement 8th ed.
260 ## - PUBLICATION, DISTRIBUTION, ETC.
Place of publication, distribution, etc. London
Name of publisher, distributor, etc. Cement and Concrete Association
Date of publication, distribution, etc. 1974
300 ## - PHYSICAL DESCRIPTION
Extent xv, 439p.
650 ## - SUBJECT ADDED ENTRY--TOPICAL TERM
Topical term or geographic name entry element Civil engineering
9 (RLIN) 5496
650 ## - SUBJECT ADDED ENTRY--TOPICAL TERM
Topical term or geographic name entry element Handbook-Civil Engineering.
9 (RLIN) 8747
700 ## - ADDED ENTRY--PERSONAL NAME
Personal name Steedman, James C.
9 (RLIN) 8748
942 ## - ADDED ENTRY ELEMENTS (KOHA)
Koha item type Books
Holdings
Withdrawn status Lost status Damaged status Not for loan Home library Current library Shelving location Date acquired Cost, normal purchase price Total Checkouts Full call number Barcode Date last seen Cost, replacement price Price effective from Koha item type Purchase Price
        IIA Library-Bangalore IIA Library-Bangalore General Stacks 08/07/1976 89.00   (035)624.012.45/ REY 5470 05/11/2021 89.00 08/07/1976 Books Rs. 89.00

Powered by Koha